| 000 | 00811cam a2200229 a 4500 | ||
|---|---|---|---|
| 001 | sa 68017538 | ||
| 003 | DLC | ||
| 005 | 20260227112703.0 | ||
| 008 | 710324s1967 ii a b 000 0 eng | ||
| 010 | _asa 68017538 | ||
| 025 | _aPL480:I-E-10133 | ||
| 040 |
_aDLC _cDLC _dDLC |
||
| 050 | 0 | 0 |
_aPK1727.A38 _bA73 1967 |
| 100 | 1 |
_aAnand, Mulk Raj, _d1905-2004. |
|
| 245 | 1 | 4 |
_aThe volcano : _bsome comments on the development of Rabindranath Tagore's aesthetic theories and art practice / _cMulk Raj Anand. |
| 250 | _a1st ed. | ||
| 260 |
_aBaroda : _bOriental Institute, _c1967. |
||
| 300 |
_a27 p., [10] p. of plates : _bill. ; _c25 cm. |
||
| 440 | 4 | _aThe Maharaja Sayajirao memorial lectures | |
| 504 | _aIncludes bibliographical references (p. 27). | ||
| 600 | 1 | 0 |
_aTagore, Rabindranath, _d1861-1941 _xAesthetics. |
| 999 |
_c87783 _d87783 |
||